All 50k+ cities in Florida on a map - Statistics

General Stats
  • This quiz has been taken 1,048 times
    1,032 since last reset
  • The average score is 33 of 81
Answers on the Map
Answers color-coded by a green-red scale on the quiz's map according to % correct below.
 
Answer Stats
Hint Answer % Correct
439,890 Miami
97%
309,154 Orlando
97%
387,050 Tampa
97%
954,614 Jacksonville
96%
197,102 Tallahassee
95%
258,201 St. Petersburg
86%
181,668 Fort Lauderdale
83%
53,678 Pensacola
81%
140,398 Gainesville
76%
204,510 Cape Coral
75%
117,286 West Palm Beach
75%
74,437 Daytona Beach
74%
217,523 Port St. Lucie
74%
92,245 Fort Myers
73%
220,490 Hialeah
73%
152,131 Hollywood
69%
116,674 Clearwater
68%
54,764 Sarasota
65%
115,425 Lakeland
63%
80,671 Miami Beach
63%
85,064 Melbourne
62%
79,436 Kissimmee
59%
95,787 Boca Raton
58%
110,867 Miami Gardens
57%
64,096 Ocala
57%
132,822 Coral Springs
53%
169,391 Pembroke Pines
53%
122,942 Palm Bay
52%
111,348 Pompano Beach
50%
135,077 Miramar
49%
95,782 Deltona
47%
110,867 Davie
43%
80,528 Homestead
43%
60,802 Jupiter
42%
59,229 North Miami
40%
92,986 Plantation
39%
55,905 Bradenton
38%
93,833 Palm Coast
38%
96,021 Sunrise
37%
82,500 The Villages
33%
80,089 Boynton Beach
32%
82,341 Largo
32%
66,573 delray Beach
31%
52,710 Winter Haven
31%
86,339 Deerfield Beach
30%
116,000 Brandon
29%
55,496 Apopka
28%
75,966 Doral
27%
80,021 North Port
27%
60,681 Sanford
27%
53,202 Pinellas Park
25%
61,400 Port Charlotte
25%
67,312 Weston
24%
73,458 Lauderhill
23%
115,000 Spring Hill
23%
54,904 Bonita Springs
22%
80,900 Kendall
22%
59,449 Palm Beach Gardens
22%
63,486 Port Orange
22%
118,000 Lehigh Acres
21%
62,043 St. Cloud
20%
61,448 Wellington
20%
57,117 Coconut Creek
17%
112,000 Riverview
17%
71,541 Tamarac
17%
58,001 Margate
16%
86,900 Town 'n' Country
16%
94,200 Alafaya
13%
54,100 Tamiami
12%
67,500 Wesley Chapel
12%
61,900 Palm Harbor
11%
71,300 Poinciana
10%
52,100 University
10%
56,300 Westchester
10%
55,600 Kendale Lakes
9%
66,900 Pine Hills
9%
60,500 The Hammocks
9%
50,300 Country Club
8%
60,200 Four Corners
8%
63,600 Horizon West
7%
60,700 Fountainbleau
4%
No matching quizzes found
Score Distribution
Percent of People with Each Score
Percentile by Number Answered
Your Score History
You have not taken this quiz since the last reset